Statistics for RCD Espanyol Squad 2018-2019

Click here to take the quiz!

General Stats

  • This quiz has been taken 14 times
  • The average score is 20 of 26

Answer Stats

#PositionNationPlayer% Correct
15MFSpainDavid López
100%
13GKSpainDiego López
100%
16DFSpainJavi López
100%
24FWChinaWu Lei
100%
18MFSpainÁlex López
92%
7FWSpainBorja Iglesias
92%
21MFSpainMarc Roca
83%
6DFCosta RicaÓscar Duarte
83%
19FWArgentinaPablo Piatti
83%
4MFSpainVictor Sánchez
83%
5DFBrazilNaldo
75%
14FWSpainÓscar Melendo
75%
8DFVenezuelaRoberto Rosales
75%
-CoachSpainRubi
75%
10MFSpainSergi Darder
75%
9FWSpainSergio García
75%
12DFSpainDídac Vilà
67%
11FWArgentinaFacundo Ferreyra
67%
17FWParaguayHernán Pérez
67%
11FWBrazilLéo Baptistão
67%
2MFGuinea-BissauAlfa Semedo
58%
23MFSpainEsteban Granero
58%
20FWSpainJavi Puado
58%
22DFSpainMario Hermoso
58%
1GKSpainRoberto Jiménez
58%
2DFSpainPipa
33%

Score Distribution

Percentile by Number Answered

Percent of People with Each Score

Your Score History

You have not taken this quiz